| 000 | 005140000a22001570004500 | ||
|---|---|---|---|
| 003 | MACL | ||
| 005 | 20170712155327.0 | ||
| 008 | 170712b xxu||||| |||| 00| 0 eng d | ||
| 040 | _cmacl | ||
| 100 |
_a धर्मेन्द्र, निवेदिता _968180 |
||
| 245 | _aरंग तरंग कहानियॉं | ||
| 260 |
_b अचिन्त प्रकाशन _c2008 |
||
| 350 | _a140/ | ||
| 650 |
_a- चिल्ड्रन बुक, _9159 |
||
| 942 |
_cHIN _k741.642/DHA _2ddc |
||
| 999 |
_c44379 _d44379 |
||